Vĩnh biệt mùa hè Tiểu thuyết

Nguyễn Đông Thức là cây bút trẻ thuộc Hội văn nghệ Tp. HCM. Tác phẩm của Ông chủ yếu viết về giới trẻ ( bộ đội, thanh niên xung phong, công nhân, học sinh...) được giới trẻ chú ý. Nhiều tác phẩm đã được lên màn bạc....

Disgrifiad llawn

Wedi'i Gadw mewn:
Manylion Llyfryddiaeth
Prif Awdur: Nguyễn Đông Thức
Fformat: Llyfr
Iaith:Undetermined
Cyhoeddwyd: Tp. HCM Trẻ 1993
Pynciau:
Tagiau: Ychwanegu Tag
Dim Tagiau, Byddwch y cyntaf i dagio'r cofnod hwn!
Thư viện lưu trữ: Trung tâm Học liệu Trường Đại học Cần Thơ
LEADER 00952nam a2200205Ia 4500
001 CTU_10585
008 210402s9999 xx 000 0 und d
082 |a 895.922333 
082 |b Th552v 
100 |a Nguyễn Đông Thức 
245 0 |a Vĩnh biệt mùa hè 
245 0 |b Tiểu thuyết 
245 0 |c Nguyễn Đông Thức 
260 |a Tp. HCM 
260 |b Trẻ 
260 |c 1993 
520 |a Nguyễn Đông Thức là cây bút trẻ thuộc Hội văn nghệ Tp. HCM. Tác phẩm của Ông chủ yếu viết về giới trẻ ( bộ đội, thanh niên xung phong, công nhân, học sinh...) được giới trẻ chú ý. Nhiều tác phẩm đã được lên màn bạc. 
650 |a college stories,vietnamese fiction - 1990,young adult fiction 
904 |i Nguyễn Quang Điền, 961010 
980 |a Trung tâm Học liệu Trường Đại học Cần Thơ